Evaluation of mooney viscosity and gel content of standard Philippines rubber (SPR) 20 under accelerated thermal ageing conditions (Record no. 58963)

MARC details
000 -LEADER
fixed length control field 00694nam a2200133Ia 4500
100 ## - MAIN ENTRY--AUTHOR NAME
Personal name Olaguer P C V
245 #0 - TITLE STATEMENT
Title Evaluation of mooney viscosity and gel content of standard Philippines rubber (SPR) 20 under accelerated thermal ageing conditions
260 ## - PUBLICATION, DISTRIBUTION, ETC. (IMPRINT)
Name of publisher Sustainability of the NR Industry: Issues, Challenges & Opportunities: International Rubber Conference, 21-22 November 2016, Cambodian Rubber Research Institute (CRRI) and International Rubber Research and Development Board (IRRDB), Siem Reap, Cambodia, p. 540.
650 ## - SUBJECT ADDED ENTRY--TOPICAL TERM
Topical Term Gel content
650 ## - SUBJECT ADDED ENTRY--TOPICAL TERM
Topical Term Mooney viscosity
650 ## - SUBJECT ADDED ENTRY--TOPICAL TERM
Topical Term Standard Philippines rubber
942 ## - ADDED ENTRY ELEMENTS (KOHA)
Koha item type Journals
Holdings
Withdrawn status Lost status Damaged status Not for loan Home library Current library Shelving location Date acquired Koha item type
      Journals RRII Library RRII Library Rubber technology 01/01/2021 Journals